Chandanamarangal/ (Record no. 181550)

000 -LEADER
fixed length control field 00392nam a2200169 4500
020 ## - INTERNATIONAL STANDARD BOOK NUMBER
ISBN 9788126436088
082 ## - DEWEY DECIMAL CLASSIFICATION NUMBER
Classification number M3
Item number MAD/C
100 ## - MAIN ENTRY--AUTHOR NAME
Personal name Madhavikutty
245 ## - TITLE STATEMENT
Title Chandanamarangal/
Statement of responsibility, etc by Madhavikutty
250 ## - EDITION STATEMENT
Edition statement 30
260 ## - PUBLICATION, DISTRIBUTION, ETC. (IMPRINT)
Place of publication Kottayam:
Name of publisher D C Books,
Year of publication 2025
300 ## - PHYSICAL DESCRIPTION
Number of Pages 62p,
650 ## - SUBJECT ADDED ENTRY--TOPICAL TERM
Topical Term Novel Malayalam
650 ## - SUBJECT ADDED ENTRY--TOPICAL TERM
Topical Term Literature Malayalam
650 ## - SUBJECT ADDED ENTRY--TOPICAL TERM
Topical Term Literature
942 ## - ADDED ENTRY ELEMENTS (KOHA)
Koha item type Book
Holdings
Withdrawn status Lost status Damaged status Not for loan Permanent Location Current Location Shelving location Date acquired Cost, normal purchase price Full call number Accession Number Price effective from Koha item type
        Sree Sankaracharya University of Sanskrit Sree Sankaracharya University of Sanskrit Stacks 16.05.2026 80.00 M3 MAD/C 108560 16.05.2026 Book